Rubber and plastics hoses- Sub-ambient temperature flexibility tests. (Record no. 73532)

MARC details
000 -LEADER
fixed length control field 00381nam a2200133Ia 4500
245 #0 - TITLE STATEMENT
Title Rubber and plastics hoses- Sub-ambient temperature flexibility tests.
260 ## - PUBLICATION, DISTRIBUTION, ETC. (IMPRINT)
Year of publication 1989
500 ## - GENERAL NOTE
General note Standard number: IS 12656 ISO 1746; 1983
650 ## - SUBJECT ADDED ENTRY--TOPICAL TERM
Topical Term Flexibility test
650 ## - SUBJECT ADDED ENTRY--TOPICAL TERM
Topical Term Plastic hose
650 ## - SUBJECT ADDED ENTRY--TOPICAL TERM
Topical Term Rubber hose
942 ## - ADDED ENTRY ELEMENTS (KOHA)
Koha item type Standards
Holdings
Withdrawn status Lost status Damaged status Not for loan Collection code Home library Current library Date acquired Koha item type
      Standards Indian standards RRII Library RRII Library 31/12/2021 Standards